000 00729nam a2200265Ia 4500
003 OSt
005 20220918164508.0
006 a|||||r|||| 00| 0
007 ta
008 220917b |||||||| |||| 00| 0 eng d
020 _a063120633 (pbk)
024 _a44,766
037 _cTextual
040 _aARTS
_cARTS
_beng
041 _2eng
_aeng
082 _aW6, N6
100 _aHirst Paul ed
_919171
245 0 _aReinventing democracy edited by Paul Hirst and Sunil Khilnani
260 _aOxford
_bBlackwell Pub
_c1996
300 _a180p.
_ccm.
650 _aPOLITICAL SCIENCE
700 _a Khilnani Sunil ed
942 _hW6, N6
_cTEXL
_2CC
999 _c125023
_d125023